000 00283nam a22001217a 4500
008 181121b xxu||||| |||| 00| 0 eng d
041 _aeng
080 _a370
100 _a47
101 _aEDU
245 _aThe Devloping Person Through Life Span
_cBerger.K.S
942 _2udc
_cBK
999 _c52279
_d52279